Official statistics measuring well-being at national and regional level in EU: some comments from users

Blahobyt ako multidimenzionálny pojem. Meranie blahobytu. Charakteristika pojmu blahobytu. Základné dostupné štatistické údaje. Možnosti a limity dostupných zdrojov. Závery pre diskusiu.

Na minha lista:
Detalhes bibliográficos
Autor principal: Martín-Guzmán, Pilar
Outros Autores: Gil, María
Formato: Capítulo de Livro
Idioma:inglês
Assuntos:
Tags: Adicionar Tag
Sem tags, seja o primeiro a adicionar uma tag!

MARC

LEADER 00000naa$a2200000$$$4500
001 0094988
005 20231013082203.3
041 0 |a eng 
044 |a CZ 
245 1 0 |a Official statistics measuring well-being at national and regional level in EU: some comments from users  |c Pilar Martín-Guzmán, María Gil 
520 |a Blahobyt ako multidimenzionálny pojem. Meranie blahobytu. Charakteristika pojmu blahobytu. Základné dostupné štatistické údaje. Možnosti a limity dostupných zdrojov. Závery pre diskusiu. 
610 2 0 |a blahobyt 
610 2 0 |a meranie 
610 2 0 |a regióny 
610 2 0 |a údaje štatistické 
610 2 0 |a údaje štatistické medzinárodné 
610 2 0 |a Európska únia 
100 1 |a Martín-Guzmán, Pilar 
700 1 |a Gil, María